Die Haftungsrisiken des Leitungsorganes in der Krise der deutschen Kapitalgesellschaft
Riadiaci orgán korporácie je vystavený riziku zodpovednosti. Tieto riziká sú najmä v prípade, že spoločnosť je v kríze a pravdepodobne dosiahla štádium bankrotu. Riadiaci orgán by si mal byť týchto rizík vedomý a podľa toho konať.
Salvato in:
| Autore principale: | |
|---|---|
| Altri autori: | |
| Natura: | Capitolo di libro |
| Lingua: | tedesco |
| Soggetti: | |
| Tags: |
Nessun Tag, puoi essere il primo ad aggiungerne!!
|
MARC
| LEADER | 00000nla a2200000 4500 | ||
|---|---|---|---|
| 001 | 0226711 | ||
| 005 | 20240502073733.0 | ||
| 041 | 0 | |a ger | |
| 044 | |a SK | ||
| 245 | 1 | 0 | |a Die Haftungsrisiken des Leitungsorganes in der Krise der deutschen Kapitalgesellschaft |c Marco Czaker, Peter Markovič |
| 520 | |a Riadiaci orgán korporácie je vystavený riziku zodpovednosti. Tieto riziká sú najmä v prípade, že spoločnosť je v kríze a pravdepodobne dosiahla štádium bankrotu. Riadiaci orgán by si mal byť týchto rizík vedomý a podľa toho konať. | ||
| 610 | 2 | 0 | |a kríza |
| 610 | 2 | 0 | |a modely |
| 610 | 2 | 0 | |a korporácie |
| 610 | 2 | 0 | |a zadlženosť |
| 610 | 2 | 0 | |a insolventnosť |
| 610 | 2 | 0 | |a úpadok podniku |
| 610 | 2 | 0 | |a vedenie podniku |
| 610 | 2 | 0 | |a bankrot |
| 610 | 2 | 0 | |a zodpovednosť |
| 100 | 1 | |a Czaker, Marco | |
| 700 | 1 | |a Markovič, Peter, 1974- | |